000
00264nam a22001097a 4500
082
_a
778.6
_b
ALK
_c
D
245
_a
Know your shapes & colours
260
_a
India
_b
Alka Publications
300
_b
ill
526
_a
0
_b
0
_c
0
_d
778_600000000000000_ALK
942
_2
ddc
_c
BK
999
_c
550139
_d
550139